Skład reprezentacji Włoch na Mistrzostwach Świata 2006 - Statystyki

Ogólne statystyki
  • Ten quiz został rozwiązany 38 razy
  • Średni wynik to 14 z 23
Statystyki odpowiedzi
Nr Pozycja Klub Nazwisko % Poprawnych
1 Bramkarz Juventus Gianluigi Buffon
100%
7 Napastnik Juventus Alessandro Del Piero
91%
10 Napastnik AS Roma Francesco Totti
85%
13 Obrońca AC Milan Alessandro Nesta
82%
5 Obrońca Juventus Fabio Cannavaro
82%
23 Obrońca Inter Mediolan Marco Materazzi
82%
21 Pomocnik AC Milan Andrea Pirlo
79%
4 Pomocnik AS Roma Daniele De Rossi
79%
3 Obrońca Palermo Fabio Grosso
74%
18 Napastnik AC Milan Filippo Inzaghi
74%
8 Pomocnik AC Milan Gennaro Gattuso
74%
9 Napastnik Fiorentina Luca Toni
74%
19 Obrońca Juventus Gianluca Zambrotta
71%
11 Napastnik AC Milan Alberto Gilardino
56%
16 Pomocnik Juventus Mauro Camoranesi
56%
6 Obrońca Palermo Andrea Barzagli
53%
20 Pomocnik AS Roma Simone Perrotta
47%
15 Napastnik Udinese Vincenzo Iaquinta
35%
2 Obrońca Palermo Cristian Zaccardo
29%
14 Bramkarz Livorno Marco Amelia
26%
22 Obrońca SS Lazio Massimo Oddo
26%
12 Bramkarz SS Lazio Angelo Peruzzi
24%
17 Pomocnik Palermo Simone Barone
21%
Nie znaleziono quizów pasujących do podanych kryteriów
Rozkład punktacji
Procent ludzi z każdym wynikiem
Percentyl według liczby udzielonych odpowiedzi
Twoja historia wyników
Nie rozwiązałeś tego quizu